000 00427nam a2200133Ia 4500
003 GCL
008 140319s9999 xx 000 0 ara d
040 _aGCL /
_cGCL
082 0 4 _a641.3
_bم ن
100 1 _aمصطفى كمال مصطفى
245 1 0 _aنحو موسوعة الاغذية وطرق التصنيع /
_cمصطفى كمال مصطفى
260 _a[S.N] :
_bالمكتبة الاكاديمية ،
_c1992
490 _a
999 _c53648
_d53648